000 00262nam a2200097Ia 4500
001 647664
005 20250826153707.0
008 250824s9999 xx 000 0 und d
245 0 _aVADİDEKİ ZAMBAK ANTİK
_cHONORE DE BALZAC
260 _bANTİK DÜNYA KLASİKLERİ
999 _c647664
_d647664